000 00431nam a2200145Ia 4500
003 OSt
005 20260123155547.0
008 211028s2016 xx 000 0 und d
040 _cAIMIT LIBRARY
041 _aeng
100 _aPrasad N, Vinay; Kusuma P.
_g1416159
_97577
245 _aStudy on non performing assets with special reference to the State Bank of Mysore /
260 _aMangalore
_bKusuma P.
_c2016
942 _2ddc
_cPRO
999 _c219145
_d219145